<?xml version="1.0" encoding="UTF-8"?>
<record
    xmlns:xsi="http://www.w3.org/2001/XMLSchema-instance"
    xsi:schemaLocation="http://www.loc.gov/MARC21/slim http://www.loc.gov/standards/marcxml/schema/MARC21slim.xsd"
    xmlns="http://www.loc.gov/MARC21/slim">

  <leader>01109nam a22002417a 4500</leader>
  <controlfield tag="005">20211104141610.0</controlfield>
  <controlfield tag="008">211104b           ||||| |||| 00| 0 eng d</controlfield>
  <datafield tag="020" ind1=" " ind2=" ">
    <subfield code="a">817062004x</subfield>
  </datafield>
  <datafield tag="040" ind1=" " ind2=" ">
    <subfield code="c">AL</subfield>
  </datafield>
  <datafield tag="041" ind1=" " ind2=" ">
    <subfield code="a">eng</subfield>
  </datafield>
  <datafield tag="082" ind1=" " ind2=" ">
    <subfield code="2">23</subfield>
    <subfield code="a">338.47</subfield>
    <subfield code="b">CABC</subfield>
  </datafield>
  <datafield tag="100" ind1=" " ind2=" ">
    <subfield code="a">Vincent Cable: Ann Weston: L C Jain</subfield>
    <subfield code="9">9702</subfield>
  </datafield>
  <datafield tag="245" ind1=" " ind2=" ">
    <subfield code="a">Commerce of Culture: Experience of Indian Handicrafts</subfield>
  </datafield>
  <datafield tag="260" ind1=" " ind2=" ">
    <subfield code="a">New Delhi</subfield>
    <subfield code="b">Lancer International </subfield>
    <subfield code="c">1986</subfield>
  </datafield>
  <datafield tag="300" ind1=" " ind2=" ">
    <subfield code="a">237 p.</subfield>
    <subfield code="b">HB</subfield>
    <subfield code="c">23x14 cm.</subfield>
  </datafield>
  <datafield tag="365" ind1=" " ind2=" ">
    <subfield code="b">150.00</subfield>
    <subfield code="c">&#x20B9;</subfield>
    <subfield code="d">150.00</subfield>
  </datafield>
  <datafield tag="520" ind1=" " ind2=" ">
    <subfield code="a">The Present Study Lucidly Analyses The Major Issues Having A Bearing On The Role Of Handicrafts And Handloom Products In India`S Economy And International Trade. This Pioneering Effort Should Be Of Major Interest To Policy Makers, Associations Of Producers And Exporters, Marketing Experts And Social Welfare Agencies.</subfield>
    <subfield code="u">https://wosevujatusifi.inkpaperster.icu/the-commerce-of-culture-book-14767sv.php</subfield>
  </datafield>
  <datafield tag="650" ind1=" " ind2=" ">
    <subfield code="a">Production Economics</subfield>
    <subfield code="9">9703</subfield>
  </datafield>
  <datafield tag="650" ind1=" " ind2=" ">
    <subfield code="a">Handicrafts</subfield>
    <subfield code="9">9704</subfield>
  </datafield>
  <datafield tag="650" ind1=" " ind2=" ">
    <subfield code="a">Handlooms</subfield>
    <subfield code="9">9705</subfield>
  </datafield>
  <datafield tag="700" ind1=" " ind2=" ">
    <subfield code="a">CABLE (Vincent): WESTON (Ann): JAIN (L C)</subfield>
    <subfield code="9">9706</subfield>
  </datafield>
  <datafield tag="942" ind1=" " ind2=" ">
    <subfield code="2">ddc</subfield>
    <subfield code="c">GF</subfield>
  </datafield>
  <datafield tag="999" ind1=" " ind2=" ">
    <subfield code="c">220381</subfield>
    <subfield code="d">220381</subfield>
  </datafield>
  <datafield tag="952" ind1=" " ind2=" ">
    <subfield code="0">0</subfield>
    <subfield code="1">0</subfield>
    <subfield code="2">ddc</subfield>
    <subfield code="4">0</subfield>
    <subfield code="7">0</subfield>
    <subfield code="8">ECO</subfield>
    <subfield code="a">AL</subfield>
    <subfield code="b">AL</subfield>
    <subfield code="d">2013-03-24</subfield>
    <subfield code="l">0</subfield>
    <subfield code="o">338.47 CABC</subfield>
    <subfield code="p">GF01673</subfield>
    <subfield code="r">2021-11-04 00:00:00</subfield>
    <subfield code="u">https://wosevujatusifi.inkpaperster.icu/the-commerce-of-culture-book-14767sv.php</subfield>
    <subfield code="w">2021-11-04</subfield>
    <subfield code="y">GF</subfield>
  </datafield>
</record>
